| 000 | 00692cab a2200217 4500 | ||
|---|---|---|---|
| 001 | X2785 | ||
| 008 | 090401t1995 xxu||||| |||| 00| 0 eng d | ||
| 035 | _a(Sirsi) u26254 | ||
| 041 | _aeng | ||
| 245 | _a`Surveyors in the Community` scheme | ||
| 260 | _c1995 | ||
| 350 | _a0 | ||
| 490 |
_aCSM (Chartered Surveyor Monthly) _v5(1) September 1995, 8(1) |
||
| 520 | _aExplains how a new scheme organised by the junior organisation of the RICS aims to help local causes. | ||
| 650 | _aCOMMUNITY PROJECTS | ||
| 650 | _aSURVEYORS IN THE COMMUNITY SCHEME | ||
| 650 | _aVOLUNTEER WORK | ||
| 690 | _aMANAGEMENT-BUSINESS MANAGEMENT-PROFESSIONAL PRACTICE | ||
| 942 | _n0 | ||
| 948 | _c04/03/1997 | ||
| 999 |
_c17629 _d17629 |
||